Islām aur ʻaṣr-i ravān. (Record no. 542108)
[ view plain ]
| 000 -LEADER | |
|---|---|
| fixed length control field | 00342cam a2200133u 4500 |
| 100 1# - MAIN ENTRY--PERSONAL NAME | |
| Personal name | Barque, Ghulam Jilani, |
| 9 (RLIN) | 37211 |
| 245 10 - TITLE STATEMENT | |
| Title | Islām aur ʻaṣr-i ravān. |
| 260 ## - PUBLICATION, DISTRIBUTION, ETC. | |
| Date of publication, distribution, etc. | [1965] |
| 300 ## - PHYSICAL DESCRIPTION | |
| Extent | 282 p. |
| Dimensions | 23 cm. |
| 500 ## - GENERAL NOTE | |
| General note | Romanized. |
| 526 ## - STUDY PROGRAM INFORMATION NOTE | |
| Program name | 0 |
| Interest level | 0 |
| Reading level | 0 |
| 650 #0 - SUBJECT ADDED ENTRY--TOPICAL TERM | |
| Topical term or geographic name entry element | Islamic civilization |
| General subdivision | Western influences. |
| 9 (RLIN) | 37212 |
| 942 ## - ADDED ENTRY ELEMENTS (KOHA) | |
| Source of classification or shelving scheme | |
| Koha item type | Book |
| Withdrawn status | Lost status | Source of classification or shelving scheme | Damaged status | Not for loan | Permanent Location | Current Location | Date acquired | Total Checkouts | Barcode | Date last seen | Price effective from | Koha item type |
|---|---|---|---|---|---|---|---|---|---|---|---|---|
| Military College of Engineering (MCE) | Military College of Engineering (MCE) | 09/23/2013 | MCE-25234 | 09/23/2013 | 09/23/2013 | Book |
